| 000 | 00439cam a22001934a 4500 | ||
|---|---|---|---|
| 005 | 20250605164159.0 | ||
| 008 | 250528s ||||||||||||||||||||||||d | ||
| 035 | _a19721 | ||
| 020 | _a394309316 | ||
| 040 |
_aGR-AtMCL _bgre _dGR-AtMCL _eAACR2 |
||
| 245 | 1 | _aTRISTRAM SHANDY | |
| 250 | _a1 | ||
| 260 |
_bRandom House, _c1950 |
||
| 300 | _a675 | ||
| 700 | 1 |
_aSterne Laurence _95922 |
|
| 942 | _cBK | ||
| 999 |
_c4977 _d4977 |
||